00631 2200229 4500001002100000005001500021035002000036007000300056008003900059020001900098082000800117084001400125100002000139245006200159250001400221260003300235300003700268500002100305650002500326650003100351990001900382INLIS00000000000367120230112102011 a0010-0123000198ta230112 | | |  a978602684705-8 a813 a813 SUR k0 aSuryosubroto. B1 aKisah Ramayana :bSeri Literasi remaja /cSuryosubroto. B aCet. 1,-- aJakarta. :bErlangga,c2016. a160 hlm. :bilus. ;c15 x 23 cm. aDaftar Referensi aEditor, Alwi Kosasih aIlustrasi Lillah Fauzillah a15520/P/B/2022